illumination movies by Rotten Tomatoes scores - Statistics

General Stats
  • This quiz has been taken 27 times
  • The average score is 18 of 24
Answer Stats
Critic score Year Movie % Correct
80% 2010 Despicable Me
95%
83% 2010 Despicable Me
95%
75% 2013 Despicable Me 2
95%
85% 2013 Despicable Me 2
95%
55% 2015 Minions
95%
49% 2015 Minions
95%
59% 2017 Despicable Me 3
90%
53% 2017 Despicable Me 3
90%
54% 2012 The Lorax
75%
63% 2012 The Lorax
75%
24% 2011 Hop
70%
53% 2011 Hop
70%
71% 2016 Sing
70%
72% 2016 Sing
70%
72% 2021 Sing 2
70%
98% 2021 Sing 2
70%
59% 2018 The Grinch
65%
51% 2018 The Grinch
65%
72% 2016 The Secret Life of Pets
65%
62% 2016 The Secret Life of Pets
65%
60% 2019 The Secret Life of Pets 2
65%
90% 2019 The Secret Life of Pets 2
65%
70% 2022 Minions 2: Rise of Gru
60%
89% 2022 Minions 2: Rise of Gru
60%
No matching quizzes found
Score Distribution
Percent of People with Each Score
Percentile by Number Answered
Your Score History
You have not taken this quiz